School Supplies in Spanish - Statistics

General Stats
  • This quiz has been taken 10 times
  • The average score is 6 of 12
Answer Stats
Hint Answer % Correct
Pencil Lapiz
88%
Paper Papel
88%
Book Libro
75%
Pen Pluma
63%
Notebook Cuaderno
50%
Markers Marcadores
50%
Eraser Borrador
38%
Ruler Regla
38%
Crayons Crayones
25%
Scissors Tijeras
25%
Dictionary Diccionario
13%
Stapler Grapadora
13%
No matching quizzes found
Score Distribution
Percent of People with Each Score
Percentile by Number Answered
Your Score History
You have not taken this quiz